000 00386nam a2200181Ia 4500
008 150909s9999 xx 000 0 und d
041 _aEnglish
082 _a631.8
082 _bABE/OR
100 _aAbe R K
100 _eEditor
245 _aOrganic recycling in asia
260 _aU S A
260 _bFAO
260 _c1978
650 _aSoil conditioners
942 _cBK
999 _c234058
_d234058